Entrepreneurial mindset / (Record no. 816)

MARC details
000 -LEADER
fixed length control field 00692nam a22002057a 4500
003 - CONTROL NUMBER IDENTIFIER
control field OSt
005 - DATE AND TIME OF LATEST TRANSACTION
control field 20250730031322.0
008 - FIXED-LENGTH DATA ELEMENTS--GENERAL INFORMATION
fixed length control field 240618b |||||||| |||| 00| 0 eng d
020 ## - INTERNATIONAL STANDARD BOOK NUMBER
International Standard Book Number 9786214270835
040 ## - CATALOGING SOURCE
Original cataloging agency DWCL-Main Lib.
Transcribing agency OC
082 ## - DEWEY DECIMAL CLASSIFICATION NUMBER
Classification number Fil. 658.421 S487e 2021
100 ## - MAIN ENTRY--PERSONAL NAME
Personal name Camilar- Serrano, Angelita Ong
245 ## - TITLE STATEMENT
Title Entrepreneurial mindset /
Statement of responsibility, etc. Angelita Ong Camilar Serrano
260 ## - PUBLICATION, DISTRIBUTION, ETC.
Place of publication, distribution, etc. Manila, Philippines :
Name of publisher, distributor, etc. Unlimited Books Services & Publishing Inc.,
Date of publication, distribution, etc. c2021.
300 ## - PHYSICAL DESCRIPTION
Extent xii, 255 pages :
Other physical details illustrations ;
Dimensions 25cm.
504 ## - BIBLIOGRAPHY, ETC. NOTE
Bibliography, etc. note Includes Bibliographical References<br/>
650 ## - SUBJECT ADDED ENTRY--TOPICAL TERM
Topical term or geographic name entry element 1. Entrepreneurship
650 ## - SUBJECT ADDED ENTRY--TOPICAL TERM
Topical term or geographic name entry element 2. Risk management
942 ## - ADDED ENTRY ELEMENTS (KOHA)
Source of classification or shelving scheme Dewey Decimal Classification
Koha item type Book-Filipiniana
Call number prefix Fil.
Suppress in OPAC No
952 ## - LOCATION AND ITEM INFORMATION (KOHA)
--
952 ## - LOCATION AND ITEM INFORMATION (KOHA)
--
952 ## - LOCATION AND ITEM INFORMATION (KOHA)
--
952 ## - LOCATION AND ITEM INFORMATION (KOHA)
--
952 ## - LOCATION AND ITEM INFORMATION (KOHA)
--
952 ## - LOCATION AND ITEM INFORMATION (KOHA)
--
952 ## - LOCATION AND ITEM INFORMATION (KOHA)
--
952 ## - LOCATION AND ITEM INFORMATION (KOHA)
--
952 ## - LOCATION AND ITEM INFORMATION (KOHA)
--
Holdings
Withdrawn status Lost status Source of classification or shelving scheme Damaged status Not for loan Home library Current library Date acquired Source of acquisition Cost, normal purchase price Total Checkouts Full call number Barcode Date last seen Copy number Price effective from Koha item type Uniform Resource Identifier Shelving location
    Dewey Decimal Classification     College Library College Library 12/09/2021 School Fund 475.00   Fil. 658.421 S487e 2021 53094 06/18/2024 c1 06/18/2024 BK - FIL  
    Dewey Decimal Classification     College Library College Library 09/13/2022 School Fund 795.00   Fil. 658.421 S487e 2021 53360 06/18/2024 c2 06/18/2024 BK - FIL  
    Dewey Decimal Classification     College Library College Library 03/07/2023 School Fund 575.00   Fil. 658.421 S487e 2021 53643 06/18/2024 c3 06/18/2024 BK - FIL  
    Dewey Decimal Classification     College Library College Library 03/07/2023 School Fund 575.00   Fil. 658.421 S487e 2021 53644 06/18/2024 c4 06/18/2024 BK - FIL  
    Dewey Decimal Classification     College Library College Library 03/07/2023 School Fund 575.00   Fil. 658.421 S487e 2021 53645 06/18/2024 c5 06/18/2024 BK - FIL  
    Dewey Decimal Classification     College Library College Library 03/07/2023 School Fund 575.00   Fil. 658.421 S487e 2021 53646 06/18/2024 c6 06/18/2024 BK - FIL  
    Dewey Decimal Classification     College Library College Library 03/07/2023 School Fund 575.00   Fil. 658.421 S487e 2021 53647 06/18/2024 c8 06/18/2024 BK - FIL  
    Dewey Decimal Classification     College Library College Library 02/24/2024 School Fund 575.00   Fil. 658.421 S487e 2021 54035 06/18/2024 c7 06/18/2024 BK - FIL  
    Dewey Decimal Classification     College Library College Library 10/28/2024   575.00   Fil. 658.421 S487e 2021 54168 07/30/2025 c9 07/30/2025 BK - FIL Filipiniana